[Event "Davos Ski op"]
[Site "Davos"]
[Date "2023.12.17"]
[Round "5"]
[White "Steiner, Mario"]
[Black "Von Krogh, Deniz"]
[Result "1-0"]
[WhiteElo "1641"]
[BlackElo "1327"]
[PlyCount "59"]
[EventDate "2023.12.15"]
[EventType "swiss"]
[EventRounds "5"]
[EventCountry "SUI"]
[SourceTitle "CB51_2023"]
[SourceDate "2023.12.20"]
[SourceVersion "1"]
[SourceVersionDate "2023.12.20"]
[SourceQuality "1"]

1. d4 Nf6 2. Nf3 e6 3. e3 d5 4. c4 c5 5. cxd5 Nxd5 6. Be2 Nc6 7. 0-0 b6 8. Nc3 Nxc3 9. bxc3 Bb7 10. Rb1 cxd4 11. cxd4 Bd6 12. Qc2 Rc8 13. Qe4 0-0 14. Bb2 Na5 15. Qg4 Nc4 16. Bxc4 Rxc4 17. Ng5 Qc7 18. f4 Rc2 19. Nf3 Bd5 20. Rfe1 f6 21. Qh3 Bxa2 22. Rbc1 Qc4 23. d5 Re8 24. Qg4 Qb3 25. Bxf6 g6 26. Rcd1 Bb4 27. Nd4 Qc4 28. Nxc2 Bb3 29. Nxb4 Bxd1 30. Rxd1 1-0

[Event "Davos Ski op"]
[Site "Davos"]
[Date "2023.12.16"]
[Round "3"]
[White "Burak, Rachel"]
[Black "Steiner, Mario"]
[Result "0-1"]
[WhiteElo "1541"]
[BlackElo "1641"]
[PlyCount "72"]
[EventDate "2023.12.15"]
[EventType "swiss"]
[EventRounds "5"]
[EventCountry "SUI"]
[SourceTitle "CB51_2023"]
[SourceDate "2023.12.20"]
[SourceVersion "1"]
[SourceVersionDate "2023.12.20"]
[SourceQuality "1"]

1. e4 e5 2. Nf3 Nc6 3. Bc4 Bc5 4. c3 Nf6 5. d3 0-0 6. 0-0 h6 7. h3 d6 8. Re1 Re8 9. Bb3 Bb6 10. Nbd2 Nh7 11. Nf1 Qf6 12. Ng3 Qg6 13. d4 exd4 14. cxd4 Qf6 15. Be3 Bd7 16. a3 Ba5 17. Bd2 Bxd2 18. Qxd2 Rad8 19. Rac1 Rc8 20. d5 Ne5 21. Nd4 Ng6 22. Rc3 Ng5 23. Nf3 Nf4 24. h4 Nh7 25. Nf5 Ng6 26. h5 Bxf5 27. exf5 Rxe1+ 28. Qxe1 Nf4 29. g4 Ng5 30. Nxg5 Qxg5 31. Rg3 Kf8 32. Bc4 Re8 33. Qd1 Re5 34. Rb3 b6 35. Kf1 Qh4 36. Rg3 Qh1+ 0-1

[Event "Schaffhausen op"]
[Site "Schaffhausen"]
[Date "2023.01.03"]
[Round "3"]
[White "Pribylla, Amelia"]
[Black "Steiner, Mario"]
[Result "0-1"]
[WhiteElo "1244"]
[BlackElo "1598"]
[PlyCount "62"]
[EventDate "2023.01.02"]
[EventType "swiss"]
[EventRounds "5"]
[EventCountry "SUI"]
[SourceTitle "CBM 212 Extra"]
[Source "ChessBase"]
[SourceDate "2023.03.31"]
[SourceVersion "1"]
[SourceVersionDate "2023.03.31"]
[SourceQuality "1"]

1. e4 e5 2. Nf3 Nc6 3. Bc4 Nf6 4. Nc3 Nxe4 5. Bxf7+ Kxf7 6. Nxe4 d5 7. Nc3 Bg4 8. d3 Bb4 9. h3 Bf5 10. Ng5+ Kg8 11. Qf3 Nd4 12. Qd1 h6 13. Nf3 Nc6 14. a3 Be7 15. Qe2 Bf6 16. g4 Be6 17. Rg1 e4 18. dxe4 Bxc3+ 19. bxc3 dxe4 20. Qxe4 Bd5 21. Qf4 Qe7+ 22. Be3 Rf8 23. Qa4 Rxf3 24. Rd1 Rxe3+ 25. fxe3 Qxe3+ 26. Kf1 Qxh3+ 27. Ke1 Qxc3+ 28. Kf1 Qf3+ 29. Ke1 Kh7 30. Qb5 Re8+ 31. Kd2 Qe3# 0-1

[Event "Adelboden op 8th"]
[Site "Adelboden"]
[Date "2022.12.11"]
[Round "4"]
[White "Ernst, Rolf"]
[Black "Steiner, Mario"]
[Result "1-0"]
[WhiteElo "1898"]
[BlackElo "1573"]
[PlyCount "113"]
[EventDate "2022.12.09"]
[EventType "swiss"]
[EventRounds "5"]
[EventCountry "SUI"]
[SourceTitle "CBM 211 Extra"]
[Source "ChessBase"]
[SourceDate "2023.01.31"]
[SourceVersion "1"]
[SourceVersionDate "2023.01.31"]
[SourceQuality "1"]

1. d4 d5 2. Nf3 c5 3. e3 c4 4. Be2 Nf6 5. 0-0 e6 6. Nbd2 Bd6 7. c3 b5 8. a4 b4 9. e4 Be7 10. e5 Nfd7 11. Ne1 b3 12. f4 f6 13. Bf3 Ba6 14. exf6 Nxf6 15. Qe2 Qd6 16. g3 0-0 17. Bg2 Nbd7 18. Nef3 h6 19. Re1 Rae8 20. Bh3 Bd8 21. Ne5 Kh7 22. Nf1 Bc8 23. Bg2 a5 24. Be3 Nb6 25. Qd1 g6 26. Qb1 Rg8 27. Nd2 Bd7 28. Ndf3 Re7 29. Nh4 Reg7 30. Nxd7 Qxd7 31. Nf3 Nxa4 32. Ne5 Qb5 33. Bf3 Be7 34. Kg2 Nxc3 35. bxc3 a4 36. Bc1 Qa5 37. Bb2 Qa6 38. Qc1 Ra8 39. Ba3 Bxa3 40. Rxa3 Ne8 41. Bg4 Nc7 42. Nf3 Nb5 43. Rxe6 Qa5 44. Re3 Nxa3 45. Qxa3 Rb8 46. Nd2 b2 47. Re1 Rgb7 48. f5 Kg8 49. fxg6 b1Q 50. Nxb1 Qd8 51. Nd2 Rb2 52. Re2 Qg5 53. Be6+ Kg7 54. h4 Qf6 55. Bxd5 Rf8 56. Qxb2 Kh8 57. Qb7 1-0

[Event "San Bernardino op"]
[Site "San Bernardino"]
[Date "2022.09.24"]
[Round "2"]
[White "Paleologu, Vladimir"]
[Black "Steiner, Mario"]
[Result "1-0"]
[WhiteElo "1984"]
[BlackElo "1681"]
[PlyCount "55"]
[EventDate "2022.09.23"]
[EventType "swiss"]
[EventRounds "5"]
[EventCountry "SUI"]
[SourceTitle "EXT 2024"]
[Source "ChessBase"]
[SourceDate "2023.10.10"]
[SourceVersion "1"]
[SourceVersionDate "2023.10.10"]
[SourceQuality "1"]

1. e4 e5 2. Nf3 Nc6 3. Bc4 Nf6 4. Ng5 d5 5. exd5 Na5 6. Bb5+ c6 7. dxc6 Nxc6 8. Bc4 Be6 9. Bxe6 fxe6 10. Nxe6 Qb6 11. 0-0 Kf7 12. Nxf8 Raxf8 13. d3 h5 14. c3 Kg6 15. Qe2 Kh7 16. Nd2 Qc7 17. Ne4 Kg8 18. Be3 Ne7 19. Ng5 Qc6 20. d4 e4 21. f3 h4 22. fxe4 h3 23. e5 Nfd5 24. Rxf8+ Kxf8 25. Qf3+ Ke8 26. Nf7 Rh4 27. Nd6+ Kd7 28. Bg5 1-0